[Event "Burgos Intercajas"]
[Site "Burgos"]
[Date "2011.10.27"]
[Round "5.1"]
[White "Caballero Vargas, Alberto"]
[Black "Roiz Baztan, David"]
[Result "0-1"]
[WhiteElo "1987"]
[BlackElo "2168"]
[PlyCount "54"]
[EventDate "2011.10.23"]
[EventType "swiss"]
[EventRounds "6"]
[EventCountry "ESP"]
[SourceTitle "EXT 2024"]
[Source "ChessBase"]
[SourceDate "2023.10.10"]
[SourceVersion "1"]
[SourceVersionDate "2023.10.10"]
[SourceQuality "1"]
[WhiteTeam "Castilla La Mancha"]
[BlackTeam "Cajastur"]
[WhiteTeamCountry "ESP"]
[BlackTeamCountry "ESP"]

1. e4 c5 2. Nf3 d6 3. d4 cxd4 4. Nxd4 Nf6 5. Nc3 a6 6. Be2 e5 7. Nb3 Be7 8. 0-0 0-0 9. Be3 Be6 10. a4 Nc6 11. a5 Rc8 12. Bb6 Qd7 13. Bf3 Bd8 14. Bxd8 Qxd8 15. Qe2 Bxb3 16. cxb3 Nxa5 17. Qd1 Qb6 18. Na4 Qb4 19. Qe1 Qxe1 20. Rfxe1 Nxb3 21. Ra3 Nd4 22. Bd1 Rc6 23. Nc3 Rb6 24. b3 Rc8 25. Ne2 Nxe2+ 26. Bxe2 Nxe4 27. Bg4 Rc3 0-1

[Event "Oviedo op 3rd"]
[Site "Oviedo"]
[Date "2008.07.31"]
[Round "9"]
[White "Roiz Baztan, David"]
[Black "Suarez Garcia, Carlos"]
[Result "1-0"]
[WhiteElo "2308"]
[BlackElo "1932"]
[PlyCount "67"]
[EventDate "2008.07.23"]
[EventType "swiss"]
[EventRounds "9"]
[EventCountry "ESP"]
[SourceTitle "CBM 125 Extra"]
[Source "ChessBase"]
[SourceDate "2008.09.01"]
[SourceVersion "1"]
[SourceVersionDate "2008.09.01"]
[SourceQuality "1"]

1. e4 c5 2. Nf3 e6 3. d4 cxd4 4. Nxd4 a6 5. Bd3 Qc7 6. 0-0 Nf6 7. Qe2 d6 8. c4 Nbd7 9. Nc3 Be7 10. Be3 b6 11. Rfc1 Bb7 12. f3 Rc8 13. Qf2 0-0 14. Bf1 Qb8 15. Nb3 Nc5 16. Nd2 Ba8 17. b4 Ncd7 18. Rab1 d5 19. cxd5 exd5 20. Bxa6 Rce8 21. exd5 Nxd5 22. Nxd5 Bxd5 23. Bb5 Rd8 24. Nf1 Bd6 25. a4 Rfe8 26. Rd1 Re5 27. Bf4 Rf5 28. Bxd6 Qxd6 29. Rd4 Nf6 30. Rbd1 h5 31. Ne3 Rg5 32. h4 Rg6 33. Nxd5 Nxd5 34. Rxd5 1-0

[Event "Oviedo op 3rd"]
[Site "Oviedo"]
[Date "2008.07.28"]
[Round "6"]
[White "Roiz Baztan, David"]
[Black "Gonzalez Vidal, Yuri"]
[Result "0-1"]
[WhiteElo "2308"]
[BlackElo "2464"]
[PlyCount "83"]
[EventDate "2008.07.23"]
[EventType "swiss"]
[EventRounds "9"]
[EventCountry "ESP"]
[SourceTitle "CBM 125 Extra"]
[Source "ChessBase"]
[SourceDate "2008.09.01"]
[SourceVersion "1"]
[SourceVersionDate "2008.09.01"]
[SourceQuality "1"]

1. e4 c5 2. Nf3 d6 3. d4 cxd4 4. Nxd4 Nf6 5. Nc3 g6 6. Be2 Bg7 7. 0-0 0-0 8. Kh1 Nc6 9. Nb3 a6 10. f4 b5 11. Bf3 Bb7 12. e5 dxe5 13. Nc5 Qb6 14. Nxb7 Qxb7 15. fxe5 Nd7 16. Bf4 Ndxe5 17. Bxe5 Bxe5 18. Qd5 Bxc3 19. bxc3 Rac8 20. a4 bxa4 21. Be2 e6 22. Qe4 a5 23. Qxa4 Qb6 24. Rf3 Ne5 25. Rh3 Qb2 26. Qxa5 Ra8 27. Qxa8 Rxa8 28. Rxa8+ Kg7 29. Kg1 Qb6+ 30. Kf1 Qb1+ 31. Kf2 Qxc2 32. Rd8 h5 33. Kf1 Qf5+ 34. Kg1 Qe4 35. Kf1 Qb1+ 36. Rd1 Qf5+ 37. Kg1 Qc2 38. Kf1 Nc4 39. Rd4 Qc1+ 40. Kf2 Nd6 41. Bd3 Qxc3 42. Rf4 0-1

[Event "Asturias-chT final"]
[Site "Asturias"]
[Date "2004.01.31"]
[Round "1"]
[White "Fernandez Urrutia Gallo, Carlos"]
[Black "Roiz Baztan, David"]
[Result "0-1"]
[WhiteElo "2155"]
[BlackElo "2317"]
[PlyCount "66"]
[EventDate "2004.01.??"]
[EventType "team"]
[EventRounds "3"]
[EventCountry "ESP"]
[SourceTitle "EXT 2006"]
[Source "ChessBase"]
[SourceDate "2005.11.24"]
[SourceVersion "1"]
[SourceVersionDate "2005.11.24"]
[SourceQuality "1"]

1. e4 c5 2. Nf3 d6 3. d4 cxd4 4. Nxd4 Nf6 5. Nc3 a6 6. Be3 e5 7. Nb3 Be6 8. f3 Be7 9. Qd2 0-0 10. 0-0-0 b5 11. g4 b4 12. Na4 Nbd7 13. Qxb4 d5 14. Nac5 d4 15. Nxe6 fxe6 16. Qc4 Qb6 17. Bd2 Rfc8 18. Qa4 Qc7 19. Bd3 Nb6 20. Qa5 Nfd7 21. h4 Qb8 22. Bg5 Bf8 23. Kb1 Nc4 24. Qe1 Ndb6 25. f4 a5 26. fxe5 a4 27. Bxc4 Nxc4 28. Rxd4 axb3 29. cxb3 Qa7 30. Rxc4 Qxa2+ 31. Kc2 Rxc4+ 32. bxc4 Qxc4+ 33. Kb1 Qd3+ 0-1

[Event "Asturias-ch m g/25"]
[Site "Gijon"]
[Date "2003.06.01"]
[Round "1"]
[White "Roiz Baztan, David"]
[Black "Aguera Naredo, Javier"]
[Result "1-0"]
[WhiteElo "2344"]
[BlackElo "2277"]
[PlyCount "37"]
[EventDate "2003.06.01"]
[EventType "match (rapid)"]
[EventRounds "2"]
[EventCountry "ESP"]
[SourceTitle "CBM 094 Extra"]
[Source "ChessBase"]
[SourceDate "2003.07.09"]
[SourceVersion "2"]
[SourceVersionDate "2003.07.09"]
[SourceQuality "1"]

1. e4 e6 2. d4 d5 3. Nc3 Bb4 4. e5 Ne7 5. a3 Bxc3+ 6. bxc3 c5 7. h4 Qc7 8. h5 h6 9. Rh3 Nbc6 10. Qg4 Nf5 11. Nf3 cxd4 12. cxd4 Ncxd4 13. Nxd4 Qxe5+ 14. Be3 Bd7 15. Rb1 0-0 16. Nxf5 exf5 17. Qd4 Rfe8 18. Qxe5 Rxe5 19. f4 1-0

[Event "Asturias-ch m g/5"]
[Site "Gijon"]
[Date "2003.06.01"]
[Round "1"]
[White "Roiz Baztan, David"]
[Black "Aguera Naredo, Javier"]
[Result "0-1"]
[WhiteElo "2344"]
[BlackElo "2277"]
[PlyCount "128"]
[EventDate "2003.06.01"]
[EventType "match (blitz)"]
[EventRounds "2"]
[EventCountry "ESP"]
[SourceTitle "CBM 094 Extra"]
[Source "ChessBase"]
[SourceDate "2003.07.09"]
[SourceVersion "2"]
[SourceVersionDate "2003.07.09"]
[SourceQuality "1"]

1. e4 e6 2. d4 d5 3. Nc3 Bb4 4. e5 Ne7 5. a3 Bxc3+ 6. bxc3 c5 7. h4 Qc7 8. h5 h6 9. Rh3 Nbc6 10. Qg4 Nf5 11. Nf3 c4 12. a4 Bd7 13. Qf4 Qa5 14. Kd2 b5 15. g4 Nfe7 16. Ba3 b4 17. cxb4 Nxb4 18. c3 Nbc6 19. Bd6 Nc8 20. Bc5 Rb8 21. Ne1 Rb2+ 22. Nc2 Qa6 23. Rf3 Nd8 24. g5 Bxa4 25. Rc1 Qb7 26. Be2 Bxc2 27. Rxc2 Rxc2+ 28. Kxc2 Qb3+ 29. Kd2 Qb2+ 30. Ke1 Qb1+ 31. Bd1 Qe4+ 32. Qxe4 dxe4 33. Ba4+ Nc6 34. Bxc6+ Kd8 35. Rxf7 Nb6 36. Rxa7 Nc8 37. Rd7+ Ke8 38. Rxg7+ Kd8 39. Rd7+ Ke8 40. Rh7+ Kd8 41. Rxh8+ Kc7 42. Bb5 hxg5 43. Rh7+ Kb8 44. Ba6 g4 45. Rh8 Kc7 46. Rxc8+ Kd7 47. Rh8 g3 48. Bb5+ Kc7 49. Rh7+ Kc8 50. Ba6+ Kd8 51. Bd6 g2 52. Bb5 g1Q+ 53. Ke2 Qg4+ 54. Ke1 Qg1+ 55. Ke2 Qg4+ 56. Kd2 Qf4+ 57. Ke1 Qc1+ 58. Ke2 Qc2+ 59. Kf1 Qd1+ 60. Kg2 Qf3+ 61. Kf1 Qd1+ 62. Kg2 Qg4+ 63. Kf1 Qh3+ 64. Ke2 Qf3+ 0-1

[Event "Asturias-ch m"]
[Site "Gijon"]
[Date "2003.05.10"]
[Round "3"]
[White "Aguera Naredo, Javier"]
[Black "Roiz Baztan, David"]
[Result "1/2-1/2"]
[WhiteElo "2277"]
[BlackElo "2344"]
[PlyCount "57"]
[EventDate "2003.06.01"]
[EventType "match"]
[EventRounds "4"]
[EventCountry "ESP"]
[SourceTitle "CBM 094 Extra"]
[Source "ChessBase"]
[SourceDate "2003.07.09"]
[SourceVersion "2"]
[SourceVersionDate "2003.07.09"]
[SourceQuality "1"]

1. e4 c5 2. Nf3 d6 3. d4 cxd4 4. Nxd4 Nf6 5. Nc3 a6 6. Bc4 e6 7. Bb3 b5 8. Bg5 Be7 9. Qf3 Qc7 10. Bxf6 Bxf6 11. 0-0-0 b4 12. Ncb5 axb5 13. Nxb5 Qc6 14. Nxd6+ Ke7 15. Qg3 Rd8 16. e5 Bxe5 17. Nxc8+ Rxc8 18. Qxe5 Rxa2 19. Qg5+ Ke8 20. Rd8+ Rxd8 21. Bxa2 Qa6 22. Kb1 Nd7 23. Qf4 Ra8 24. Qc4 Qa5 25. Rd1 Nc5 26. Kc1 Ra7 27. Qf4 b3 28. Qb8+ Ke7 29. Qd6+ 1/2-1/2

[Event "Asturias-ch m"]
[Site "Gijon"]
[Date "2003.05.03"]
[Round "2"]
[White "Roiz Baztan, David"]
[Black "Aguera Naredo, Javier"]
[Result "0-1"]
[WhiteElo "2344"]
[BlackElo "2277"]
[PlyCount "54"]
[EventDate "2003.06.01"]
[EventType "match"]
[EventRounds "4"]
[EventCountry "ESP"]
[SourceTitle "CBM 094 Extra"]
[Source "ChessBase"]
[SourceDate "2003.07.09"]
[SourceVersion "2"]
[SourceVersionDate "2003.07.09"]
[SourceQuality "1"]

1. e4 e6 2. d4 d5 3. Nc3 Bb4 4. e5 c5 5. a3 Bxc3+ 6. bxc3 Ne7 7. Nf3 Nbc6 8. a4 Qa5 9. Bd2 Bd7 10. Bb5 c4 11. Ng5 h6 12. Nh3 0-0-0 13. Bxc6 Nxc6 14. Nf4 f6 15. Ng6 Rhg8 16. 0-0 Be8 17. Qg4 f5 18. Qg3 Qc7 19. Bc1 Qf7 20. Nf4 g5 21. Ne2 f4 22. Qg4 Ne7 23. Kh1 h5 24. Qf3 Nf5 25. g3 Qh7 26. h4 Bg6 27. gxf4 g4 0-1

[Event "Gijon op"]
[Site "Gijon"]
[Date "2003.??.??"]
[Round "8"]
[White "Roiz Baztan, David"]
[Black "Canteli Martinez, Daniel"]
[Result "1-0"]
[WhiteElo "2371"]
[BlackElo "2079"]
[PlyCount "75"]
[EventDate "2003.??.??"]
[EventType "swiss"]
[EventRounds "9"]
[EventCountry "ESP"]
[SourceTitle "EXT 2005"]
[Source "ChessBase"]
[SourceDate "2004.11.15"]
[SourceVersion "1"]
[SourceVersionDate "2004.11.15"]
[SourceQuality "1"]

1. e4 e5 2. Nf3 Nc6 3. Bb5 Nd4 4. Nxd4 exd4 5. 0-0 c6 6. Ba4 d6 7. c4 Nf6 8. d3 Be7 9. h3 a6 10. Nd2 Nd7 11. f4 b5 12. Bc2 0-0 13. Nf3 c5 14. a4 b4 15. g4 a5 16. b3 Re8 17. Qe1 Ra6 18. Qg3 Nf8 19. Bd2 Ng6 20. Be1 Nf8 21. h4 h6 22. Bd1 Qd7 23. Nh2 Bd8 24. Ra2 Nh7 25. h5 f6 26. Rg2 Bc7 27. Bd2 Qe7 28. Nf3 d5 29. cxd5 Rd6 30. Nh4 Nf8 31. Bf3 Bb8 32. Nf5 Bxf5 33. gxf5 Rd7 34. Kf2 Qf7 35. Rfg1 Ree7 36. Qh4 Qe8 37. Qxf6 Kh8 38. Qh4 1-0

[Event "ESP-ch op-A"]
[Site "Cala Mendia"]
[Date "2001.11.18"]
[Round "2"]
[White "Roiz Baztan, David"]
[Black "Segura Ariza, Jose Luis"]
[Result "1-0"]
[WhiteElo "2344"]
[BlackElo "2182"]
[PlyCount "75"]
[EventDate "2001.11.17"]
[EventType "swiss"]
[EventRounds "9"]
[EventCountry "ESP"]
[SourceTitle "CBM 085 Extra"]
[Source "ChessBase"]
[SourceDate "2002.01.21"]
[SourceVersion "1"]
[SourceVersionDate "2002.01.21"]
[SourceQuality "1"]

1. e4 e6 2. d4 d5 3. Nc3 Nf6 4. Bg5 Bb4 5. e5 h6 6. Bd2 Bxc3 7. bxc3 Ne4 8. Qg4 Kf8 9. h4 c5 10. Bd3 Nxd2 11. Kxd2 c4 12. Be2 Nc6 13. Rh3 b5 14. Rg3 Rg8 15. Nh3 a5 16. Qf4 b4 17. Bh5 Ra7 18. Rf3 bxc3+ 19. Kd1 g6 20. Qxh6+ Ke8 21. Qh7 Rf8 22. Bxg6 Qb6 23. Rf4 Nxd4 24. Ng5 Rb7 25. Rc1 Nf5 26. g4 fxg6 27. Qxg6+ Kd8 28. gxf5 Rxf5 29. Rxf5 Qd4+ 30. Ke2 exf5 31. Qd6+ Ke8 32. Rd1 Qg4+ 33. f3 Qxh4 34. Qg6+ Kd8 35. Rxd5+ Bd7 36. Ne6+ Ke7 37. Qg7+ Kxe6 38. Rd6# 1-0

[Event "Asturias-ch Preferente"]
[Site "Norena"]
[Date "2001.03.31"]
[Round "7.1"]
[White "Roiz Baztan, David"]
[Black "Cenal Gutierrez, Ruben"]
[Result "1-0"]
[WhiteElo "2339"]
[BlackElo "2287"]
[PlyCount "93"]
[EventDate "2001.02.17"]
[EventType "swiss"]
[EventRounds "9"]
[EventCountry "ESP"]
[SourceTitle "EXT 2002"]
[Source "ChessBase"]
[SourceDate "2001.11.25"]
[SourceVersion "1"]
[SourceVersionDate "2001.11.25"]
[SourceQuality "1"]

1. e4 d6 2. d4 g6 3. c4 Bg7 4. Nc3 Nf6 5. Be2 0-0 6. Nf3 e5 7. 0-0 Nc6 8. d5 Ne7 9. Nd2 Ne8 10. b4 f5 11. f3 f4 12. c5 g5 13. Nc4 Ng6 14. a4 Rf7 15. cxd6 cxd6 16. Ba3 Bf8 17. Rc1 h5 18. a5 Rg7 19. b5 Nh4 20. g3 g4 21. fxg4 Bxg4 22. Bxg4 Rxg4 23. Ne2 Ng6 24. Kh1 Bh6 25. gxf4 exf4 26. Nd4 Rc8 27. Nf5 Bf8 28. b6 axb6 29. Nxb6 Rxc1 30. Qxc1 Nf6 31. Qc2 Qe8 32. Bxd6 Nxe4 33. Bxf8 Kxf8 34. d6 Nf6 35. Qc8 Qxc8 36. Nxc8 Ke8 37. Nb6 Ne5 38. Re1 Nfd7 39. Nxd7 Kxd7 40. Rxe5 f3 41. Re1 Rf4 42. Re7+ Kd8 43. Ng3 f2 44. Kg2 Rd4 45. Rxb7 Rxd6 46. Kxf2 h4 47. Ne4 1-0